00465nam a22001577a 450000500170000001000260001702000260004303500130006903700260008208200080010810000180011624500990013426000370023330000210027070000160029120240910115629.0 aB-760268 RP/8.8.24 c699.00a9780241340660 aB-760268 bAksharesh Enterprises a151 aSunim, Haemin aThe Things You Can See Only When You Slow Down;bHow to Be Calm in a Busy World/cHaemin Sunim aUKbPenguin Random House c2018 a265p.c18cm(pbk) aVerma Kunal